| 000 | 02801cam a2200445 a 4500 | ||
|---|---|---|---|
| 001 | 16060792 | ||
| 003 | BJBSDDR | ||
| 005 | 20250820145925.0 | ||
| 007 | ta | ||
| 008 | 100120s2010 nju 001 0 eng | ||
| 010 | _a 2009053246 | ||
| 020 | _a9780137052646 (hbk. : alk. paper) | ||
| 020 | _a0137052642 (hbk. : alk. paper) | ||
| 035 | _a16060792 | ||
| 035 | _a(OCoLC)496950386 | ||
| 040 |
_aDLC _cDLC _dYDX _dBTCTA _dYDXCP _dZPX _dDLC _beng |
||
| 041 | _aeng | ||
| 050 | 1 | 4 |
_aHG 4621 _bC678w 2010 |
| 082 | 0 | 0 | _a332.6023 |
| 100 | 1 |
_aCohen, Roy, _d1955- _944287 |
|
| 245 | 1 | 4 |
_aThe Wall Street professional's survival guide : _bsuccess secrets of a career coach / _cRoy Cohen. |
| 260 |
_aUpper Saddle River, N.J. : _bFT Press, _c2010. |
||
| 300 |
_axv, 261 pages ; _c24 cm. |
||
| 336 |
_atext _btxt _2rdacontent |
||
| 337 |
_aunmediated _bn _2rdamedia |
||
| 338 |
_avolume _bnc _2rdacarrier |
||
| 500 | _aIncludes index. | ||
| 505 | 0 | _aThe Wall Street job search: winning in any market -- You've been fired, now what? -- Self assessment: the secret weapon of job search -- Stick the landing: how to move successfully from the sell-side to the buy-side -- The art of the bear market resume -- Networking: just do it, please -- In the arena: mastering the interview -- Write on: effective career correspondence -- Win-win negotiating in job search -- References, skeletons, and you. | |
| 520 | _aThe Wall Street Professional's Survival Guide: The Secrets of a Career Coach is the only complete, up-to-date, and practical guide for financial industry professionals seeking new or better jobs in today's brutally competitive environment. Author Roy Cohen spent more than 10 years providing outplacement services to Goldman Sachs' employees. In this book, he shares finance-specific job-hunting insights you simply won't find anywhere else. Drawing on his immense experience helping financial industry professionals find and keep outstanding positions, Cohen tells you what to do when and if you're fired (or ready to move), how to develop a "game plan" and search targets, how to build your "story", how to move from the sell-side to the buy side, and much more. You'll find industry-specific guidance on interview strategy, resumes, follow-up, references, and even negotiation with real examples drawn from Cohen's own practice | ||
| 650 | 0 | _aInvestment advisors. | |
| 650 | 4 |
_aAsesores de inversiones _94226 |
|
| 650 | 0 |
_aFinance _xVocational guidance. |
|
| 650 | 4 |
_aFinanzas _91651 |
|
| 650 | 0 | _aJob hunting. | |
| 650 | 4 |
_aBúsqueda de empleo _944462 |
|
| 906 |
_a7 _bcbc _corignew _d1 _eecip _f20 _gy-gencatlg |
||
| 942 |
_2lcc _cBK |
||
| 999 |
_c124776 _d124776 |
||